000 00770nam a2200229 a 4500
005 20180803165141.0
008 140313s1991 ve ab fr|||| 000 0 spa d
040 _aCO-BoIAVH
_cCO-BoIAVH
041 0 _aspa
044 _ave
082 0 4 _a570.098725
_bS64e
100 1 _aSmith, Robert F.
245 1 0 _aEcología del estado Lara :
_bSerie homenaje / Cuatricentenario de Guanare
260 _aCaracas :
_bMuseo de Ciencias Naturales de la UNELLEZ ,
_c1991.
300 _a230 páginas :
_bIlustraciones, mapas ;
_c23 x 16 cm.
650 6 _aZonas áridas
650 6 _aBiodiversidad
650 6 _aÁreas de conservación de recursos naturales
662 _aVenezuela
_bLara
700 1 _aRivero M., Antonio
942 _cINFORME
_2ddc
999 _c4056
_d4056